000 00616cam a22002411 4500
001 sa 63003584
003 DLC
005 20260227111943.0
008 890913s1962 ii 000 0 hino
010 _asa 63003584
035 _a(OCoLC)20334716
040 _aDLC
_cWaU
_dDLC
042 _apremarc
043 _aa-ii---
050 0 0 _aPK2032
_b.M27
100 0 _aMahendra,
_d1900-
245 1 0 _aHindī-ālocanā: siddhānta aura vivecana.
260 _c[1962]
300 _a216 p.
_c23 cm.
500 _aIn Hindi.
650 0 _aHindi literature
_xHistory and criticism.
700 1 _aŚarmā, Makkhanalāla.
999 _c55180
_d55180